00598nam a22002057a 450000500170000001000130001702000100003003500130004003700170005304000120007008200170008210000190009924500580011826000450017627000440022130000320026550000510029765000230034865000210037120170124110020.0 aA-260793 c00.00 aA-260793 bCen Lib/ Ret aDPLbEN a372.954bNAY aS. Nayana Tara aEducation in a rural environment /cby S. Nayana Tara aNew DelhibAshish Publishing Housec1985 a 8/18. Panjabi Bagh bNew Delhie110026 axii,143p. :c21cm(Hb)bill. aIncludes bibliographical references and index. aEducation, Primary aEducation, Rural